100+1 zahraniční zajímavost
| Format: | Journal |
|---|---|
| Language: | Czech |
| PhysicalDescription: | zv. ilustr. 30 cm |
| Published: |
Praha
Československá tisková kancelář
1964-
Praha 100+1 Brno Extra Publishing |
| ISSN: | 0322-9629 1212-6977 |
| Subjects: | |
| Online Access: | www.stoplus.cz http://www.stoplusjednicka.cz |
MARC
| LEADER | 00000cas a2200000 a 4500 | ||
|---|---|---|---|
| 001 | vtls008408769 | ||
| 003 | SK-MaSNL | ||
| 005 | 20260228161017.0 | ||
| 008 | 051110c19649999xr er p 0 b0cze c | ||
| 022 | |a 0322-9629 | ||
| 035 | |a (SVKBB03)vtls000031072 | ||
| 040 | |a SVKPO |b slo |c SVKPO |d SNK |d SVKBB |e AACR2 | ||
| 041 | 0 | |a cze | |
| 044 | |a xr |c CZ | ||
| 080 | |a 050 |2 2001 | ||
| 080 | |a 0/9 |2 2001 | ||
| 210 | |a 100+1 zahr. zajím. |b (Print) | ||
| 222 | |a 100+1 zahraniční zajímavost |b (Print) | ||
| 245 | 0 | 0 | |a 100+1 zahraniční zajímavost |
| 246 | 1 | 3 | |a Sto plus jedna zahraniční zajímavost |
| 246 | 1 | 3 | |a 100+1 ZZ |
| 260 | |a Praha |b Československá tisková kancelář |c 1964- | ||
| 260 | 2 | |3 1997-2010 |a Praha |b 100+1 | |
| 260 | 3 | |3 2011- |a Brno |b Extra Publishing | |
| 300 | |a zv. |b ilustr. |c 30 cm | ||
| 310 | |a 1x za 2 týždne |b 2012- | ||
| 321 | |a 24x ročne |b 1964-1968 | ||
| 321 | |a 26x ročne |b 1969-2009 | ||
| 362 | 0 | |a Roč. 1, č. 1 (1964) - roč. 47, č. 11 (2010); 2011- |z SK ČR/2012 | |
| 500 | |a Vydávanie pozastavené v júni 2010, obnovené v novembri 2011 | ||
| 500 | |a Tlačí Neografia, a. s., Martin, SK | ||
| 525 | |a V roku 2023 vyšlo 100+1 retro vydání 1973 - ISBN 978-80-7525-523-5 | ||
| 650 | 0 | 7 | |a všeobecnosti a zaujímavosti |2 SNKPH |9 4162 |
| 655 | 7 | |a populárno-náučné časopisy |2 SNKPH |9 70770 | |
| 776 | 0 | |t 100+1 zahraniční zajímavost (On-line) |x 1212-6977 | |
| 850 | |a Štátna vedecká knižnica v Prešove | ||
| 852 | |a Štátna vedecká knižnica v Banskej Bystrici | ||
| 856 | 4 | 1 | |u www.stoplus.cz |
| 856 | 4 | 1 | |u http://www.stoplusjednicka.cz |
| 910 | |a snk | ||
| 999 | |c 4086 |d 6016 | ||
| 952 | |0 0 |1 1 |4 0 |7 0 |8 4 |a SNK |b SNK |d 2009-09-17 |i snk2009/16648 |l 0 |o snkČB 2991/44/2007/1 |p 17A0617213 |r 2026-02-21 19:31:17 |t č. 1-26, neúplné |w 2026-02-21 |y PREZ |z Chýba č. 1 | ||
| 952 | |0 0 |1 1 |4 0 |7 0 |8 4 |a SNK |b SNK |d 2009-09-17 |i snk2009/16649 |l 0 |o snkČB 2991/44/2007/2 |p 17A0617214 |r 2026-02-21 19:31:17 |t č. 15-26 |w 2026-02-21 |y PREZ | ||
| 952 | |0 0 |1 1 |4 0 |7 0 |8 4 |a SNK |b SNK |d 2010-08-10 |i snk2010/17142 |l 0 |o snkČB 2991/45/2008/1 |p 17A0661348 |r 2026-02-21 19:54:09 |t č. 1-13, neúplné |w 2026-02-21 |y PREZ |z Chýba č. 1 | ||
| 952 | |0 0 |1 1 |4 0 |7 0 |8 4 |a SNK |b SNK |d 2010-08-10 |i snk2010/17143 |l 0 |o snkČB 2991/45/2008/2 |p 17A0661349 |r 2026-02-21 19:54:09 |t č. 14-26 |w 2026-02-21 |y PREZ | ||
| 952 | |0 0 |1 1 |4 0 |7 0 |8 4 |a SNK |b SNK |d 2011-03-22 |i snk2011/6583 |l 0 |o snkČB 2991/46/2009/1 |p 17A0679120 |r 2026-02-21 19:56:53 |t č. 1-13 |w 2026-02-21 |y PREZ | ||
| 952 | |0 0 |1 1 |4 0 |7 0 |8 4 |a SNK |b SNK |d 2011-03-22 |i snk2011/6584 |l 0 |o snkČB 2991/46/2009/2 |p 17A0679121 |r 2026-02-21 19:56:53 |t č. 14-26, neúplné |w 2026-02-21 |y PREZ |z Chýba č. 19. | ||
| 952 | |0 0 |1 0 |4 0 |7 0 |8 3 |a SNK |b SNK |d 2025-07-02 |i snk2025/10373 |l 0 |o snkČB 2991/2023/1 |p 17A1557127 |r 2026-02-21 19:59:30 |t č. 1-10 + retro vyd. |w 2026-02-21 |y PREZ | ||
| 952 | |0 0 |1 0 |4 0 |7 0 |8 3 |a SNK |b SNK |d 2025-07-02 |i snk2025/10374 |l 0 |o snkČB 2991/2023/2 |p 17A1557128 |r 2026-02-21 19:59:44 |t č. 11-20 |w 2026-02-21 |y PREZ | ||
| 952 | |0 0 |1 0 |4 0 |7 0 |8 4 |a SNK |b SNK |d 2022-01-05 |i snk2022/283 |l 0 |o snkČB 2991/2019/1 |p 17A1460855 |r 2026-02-21 20:00:04 |t č. 1-10 |w 2026-02-21 |y PREZ | ||
| 952 | |0 0 |1 0 |4 0 |7 0 |8 4 |a SNK |b SNK |d 2022-01-05 |i snk2022/284 |l 0 |o snkČB 2991/2019/2 |p 17A1460856 |r 2026-02-21 20:00:04 |t č. 11-20 |w 2026-02-21 |y PREZ | ||
| 952 | |0 0 |1 0 |4 0 |7 0 |8 3 |a SNK |b SNK |d 2022-06-09 |i snk2022/9340 |l 0 |o snkČB 2991/2020/2 |p 17A1462858 |r 2026-02-21 20:02:32 |t č. 11-20 |w 2026-02-21 |y PREZ | ||
| 952 | |0 0 |1 0 |4 0 |7 0 |8 3 |a SNK |b SNK |d 2022-06-09 |i snk2022/9339 |l 0 |o snkČB 2991/2020/1 |p 17A1462857 |r 2026-02-21 20:10:35 |t č. 1-10 |w 2026-02-21 |y PREZ | ||
| 952 | |0 0 |1 1 |4 0 |7 0 |8 4 |a SNK |b SNK |d 2006-10-19 |i snk2006/21306 |l 0 |o snkČB 2991/41/2004 |p 17A0477975 |r 2026-02-21 20:18:33 |t č. 1-26, neúplné |w 2026-02-21 |y PREZ |z Chýba č. 23 | ||
| 952 | |0 0 |1 1 |4 0 |7 0 |8 4 |a SNK |b SNK |d 2011-11-18 |i snk2011/23021 |l 0 |o snkČB 2991/47/2010 |p 17A0706175 |r 2026-02-21 20:40:04 |t č. 1-11, neúplné |w 2026-02-21 |y PREZ |z Chýba č. 8,9,11 | ||
| 952 | |0 0 |1 1 |4 0 |7 0 |8 4 |a SNK |b SNK |d 2008-04-02 |i snk2008/7462 |l 0 |o snkČB 2991/42/2005/1 |p 17A0574830 |r 2026-02-21 21:01:06 |t č. 1-13 |w 2026-02-21 |y PREZ | ||
| 952 | |0 0 |1 1 |4 0 |7 0 |8 4 |a SNK |b SNK |d 2008-04-02 |i snk2008/7463 |l 0 |o snkČB 2991/42/2005/2 |p 17A0574829 |r 2026-02-21 21:01:06 |t č. 14-26 |w 2026-02-21 |y PREZ | ||
| 952 | |0 0 |1 1 |4 0 |7 0 |8 4 |a SNK |b SNK |d 2008-04-02 |i snk2008/7464 |l 0 |o snkČB 2991/43/2006/1 |p 17A0574828 |r 2026-02-21 21:01:07 |t č. 1-13 |w 2026-02-21 |y PREZ | ||
| 952 | |0 0 |1 1 |4 0 |7 1 |8 4 |a SNK |b SNK |d 2008-04-02 |i snk2008/7465 |l 0 |o snkČB 2991/43/2006/2 |p 17A0574826 |r 2026-02-21 21:01:07 |t č. 14-26, neúplné |w 2026-02-21 |y NEVYP |z Chýba č. 19. | ||
| 952 | |0 0 |1 1 |4 0 |7 0 |a SNK |b SNK |d 1998-12-11 |l 0 |o snkČB 2991/25/1988/2 |p 17A0173942 |r 2005-01-02 00:00:00 |t č. 10-18 |w 2026-02-21 |y PREZ | ||
| 952 | |0 0 |1 1 |4 0 |7 0 |a SNK |b SNK |d 2002-10-15 |l 0 |o snkČB 2991/24/1987/3 |p 17A0360141 |r 2005-01-02 00:00:00 |t č. 19-26 |w 2026-02-21 |y PREZ | ||
| 952 | |0 0 |1 1 |4 0 |7 0 |a SNK |b SNK |d 2002-10-15 |l 0 |o snkČB 2991/24/1987/2 |p 17A0360140 |r 2005-01-02 00:00:00 |t č. 10-18 |w 2026-02-21 |y PREZ | ||
| 952 | |0 0 |1 1 |4 0 |7 0 |a SNK |b SNK |d 2002-10-15 |l 0 |o snkČB 2991/24/1987/1 |p 17A0360144 |r 2005-01-02 00:00:00 |t č. 1-9 |w 2026-02-21 |y PREZ | ||
| 952 | |0 0 |1 1 |4 0 |7 0 |a SNK |b SNK |d 2002-10-15 |l 0 |o snkČB 2991/23/1986/1 |p 17A0360149 |r 2005-01-02 00:00:00 |t č. 1-13 |w 2026-02-21 |y PREZ | ||
| 952 | |0 0 |1 1 |4 0 |7 0 |a SNK |b SNK |d 2002-10-15 |l 0 |o snkČB 2991/22/1985/1 |p 17A0360145 |r 2005-01-02 00:00:00 |t č. 1-13 |w 2026-02-21 |y PREZ | ||
| 952 | |0 0 |1 1 |4 0 |7 0 |a SNK |b SNK |d 2003-06-26 |i snkČIP 2243/90 |l 0 |o snkČB 2991/26/1989/1 |p 17A0388092 |r 2005-01-02 00:00:00 |t č. 1-13 |w 2026-02-21 |y PREZ |z č. 1-13 | ||
| 952 | |0 0 |1 1 |4 0 |7 0 |a SNK |b SNK |d 2003-06-26 |i snkČIP 3384/91 |l 0 |o snkČB 2991/26/1989/2 |p 17A0386925 |r 2005-01-02 00:00:00 |t č. 14-26 |w 2026-02-21 |y PREZ |z č. 1-14 | ||
| 952 | |0 0 |1 1 |4 0 |7 0 |a SNK |b SNK |d 1999-04-10 |l 0 |o snkČB 2991/28/1991/1 |p 17A0188725 |r 2005-01-02 00:00:00 |t č. 1-13 |w 2026-02-21 |y PREZ | ||
| 952 | |0 0 |1 1 |4 0 |7 0 |a SNK |b SNK |d 1999-04-10 |l 0 |o snkČB 2991/28/1991/2 |p 17A0188780 |r 2005-01-02 00:00:00 |t č. 14-26 |w 2026-02-21 |y PREZ | ||
| 952 | |0 0 |1 1 |4 0 |7 0 |a SNK |b SNK |d 1999-04-10 |l 0 |o snkČB 2991/29/1992/1 |p 17A0188726 |r 2005-01-02 00:00:00 |t č. 1-13 |w 2026-02-21 |y PREZ | ||
| 952 | |0 0 |1 1 |4 0 |7 0 |a SNK |b SNK |d 1999-04-10 |l 0 |o snkČB 2991/A/1991 |p 17A0188727 |r 2005-01-02 00:00:00 |t Magazín |w 2026-02-21 |y PREZ | ||
| 952 | |0 0 |1 1 |4 0 |7 0 |a SNK |b SNK |d 1999-04-10 |l 0 |o snkČB 2991/30/1993 |p 17A0188728 |r 2005-01-02 00:00:00 |t iba č. 1 |w 2026-02-21 |y PREZ | ||
| 952 | |0 0 |1 1 |4 0 |7 0 |a SNK |b SNK |d 2002-11-13 |l 0 |o snkČB 2991/33/1996 |p 17A0364242 |r 2005-01-02 00:00:00 |w 2026-02-21 |y PREZ | ||
| 952 | |0 0 |1 1 |4 0 |7 0 |a SNK |b SNK |d 1999-04-10 |l 0 |o snkČB 2991/29/1992/2 |p 17A0188778 |r 2005-01-02 00:00:00 |t č. 14-26 |w 2026-02-21 |y PREZ | ||
| 952 | |0 0 |1 1 |4 0 |7 0 |a SNK |b SNK |d 1999-04-10 |l 0 |o snkČB 2991/27/1990/2 |p 17A0188779 |r 2005-01-02 00:00:00 |t č. 14-26 |w 2026-02-21 |y PREZ | ||
| 952 | |0 0 |1 1 |4 0 |7 0 |a SNK |b SNK |d 1999-04-10 |l 0 |o snkČB 2991/27/1990/1 |p 17A0188782 |r 2005-01-02 00:00:00 |t č. 1-13 |w 2026-02-21 |y PREZ | ||
| 952 | |0 0 |1 0 |4 0 |7 0 |8 3 |a SNK |b SNK |d 2025-01-13 |i snk2025/357 |l 0 |o snkČB 2991/2021/1 |p 17A1555565 |r 2026-02-21 21:40:23 |t č. 1-10 |w 2026-02-21 |y PREZ | ||
| 952 | |0 0 |1 0 |4 0 |7 0 |8 3 |a SNK |b SNK |d 2025-01-13 |i snk2025/360 |l 0 |o snkČB 2991/2021/2 |p 17A1555566 |r 2026-02-21 21:40:23 |t č. 11-20 |w 2026-02-21 |y PREZ | ||
| 952 | |0 0 |1 0 |4 0 |7 0 |8 3 |a SNK |b SNK |d 2025-01-13 |i snk2025/361 |l 0 |o snkČB 2991/2022/1 |p 17A1555567 |r 2026-02-21 21:40:23 |t č. 1-10 |w 2026-02-21 |y PREZ | ||
| 952 | |0 0 |1 0 |4 0 |7 0 |8 3 |a SNK |b SNK |d 2025-01-13 |i snk2025/362 |l 0 |o snkČB 2991/2022/2 |p 17A1555568 |r 2026-02-21 21:40:24 |t č. 11-20 |w 2026-02-21 |y PREZ | ||
| 952 | |0 0 |1 1 |4 0 |7 0 |8 4 |a SNK |b SNK |d 2009-02-10 |i snk2003/758 |l 0 |o snkČB 2991/39/2002 |p 17A0611365 |r 2026-02-21 21:40:36 |t č. 1-26, neúplné |w 2026-02-21 |y PREZ |z Chýba č. 3, 22 | ||
| 952 | |0 0 |1 1 |4 0 |7 0 |a SNK |b SNK |d 2004-02-25 |i snkČZK 333/2002 |l 0 |o snkČB 2991/37/2000 |p 17A0416536 |r 2005-01-02 00:00:00 |w 2026-02-21 |y PREZ | ||
| 952 | |0 0 |1 0 |4 0 |7 0 |8 4 |a SNK |b SNK |d 2018-06-26 |i snk2018/13724 |l 0 |o snkČB 2991/2016 |p 17A1326211 |r 2026-02-21 22:13:03 |t č. 1-20, neúplné |w 2026-02-21 |y PREZ |z Chýba č. 7 | ||
| 952 | |0 0 |1 0 |4 0 |7 0 |8 4 |a SNK |b SNK |d 2019-12-19 |i snk2019/32556 |l 0 |o snkČB 2991/2017/1 |p 17A1385505 |r 2026-02-21 22:15:43 |t č. 1-10 |w 2026-02-21 |y PREZ | ||
| 952 | |0 0 |1 0 |4 0 |7 0 |8 4 |a SNK |b SNK |d 2019-12-19 |i snk2019/32561 |l 0 |o snkČB 2991/2017/2 |p 17A1385506 |r 2026-02-21 22:15:43 |t č. 11-20 |w 2026-02-21 |y PREZ | ||
| 952 | |0 0 |1 0 |4 0 |7 0 |8 4 |a SNK |b SNK |d 2020-10-06 |i snk2020/17874 |l 0 |o snkČB 2991/55/2018/1 |p 17A1432179 |r 2026-02-21 22:16:14 |t č. 1-10 |w 2026-02-21 |y PREZ | ||
| 952 | |0 0 |1 0 |4 0 |7 0 |8 4 |a SNK |b SNK |d 2020-10-06 |i snk2020/17879 |l 0 |o snkČB 2991/55/2018/2 |p 17A1432180 |r 2026-02-21 22:16:14 |t č. 11-20 |w 2026-02-21 |y PREZ | ||
| 952 | |0 0 |1 0 |4 0 |7 1 |8 4 |a SNK |b SNK |d 2016-05-12 |i snk2016/12363 |l 0 |o snkČB 2991/2014 |p 17A1099038 |r 2026-02-21 22:16:58 |t č. 1-20, neúplné |w 2026-02-21 |y NEVYP |z chýba č. 1-3 | ||
| 952 | |0 0 |1 0 |4 0 |7 0 |8 4 |a SNK |b SNK |d 2017-06-21 |i snk2017/14650 |l 0 |o snkČB 2991/2015 |p 17A1206831 |r 2026-02-21 22:18:22 |t č. 1-20, neúplné |w 2026-02-21 |y PREZ |z Chýba č. 18 | ||


